Thermally stimulated discharge of polymer electrets (Record no. 23778)

MARC details
000 -LEADER
fixed length control field 00305nam a2200109Ia 4500
082 ## - DEWEY DECIMAL CLASSIFICATION NUMBER
Classification number 678:665.9.046
Item number VAN
100 ## - MAIN ENTRY--AUTHOR NAME
Personal name Van Turnihout, J
245 #0 - TITLE STATEMENT
Title Thermally stimulated discharge of polymer electrets
260 ## - PUBLICATION, DISTRIBUTION, ETC. (IMPRINT)
Place of publication Amsterdam
Name of publisher Elsevier
Year of publication 1975
942 ## - ADDED ENTRY ELEMENTS (KOHA)
Koha item type Books
Holdings
Withdrawn status Lost status Damaged status Not for loan Home library Current library Date acquired Cost, normal purchase price Full call number Accession Number Koha item type
        RRII Library RRII Library 16/12/2021 100.00 678:665.9.046 VAN 04473 Books